| 000 | 01556cam a2200445 4500 | ||
|---|---|---|---|
| 001 | 22557 | ||
| 003 | SK-KTurca | ||
| 005 | 20260401101141.0 | ||
| 008 | 200612s2018 xo gr 010 fdslo | ||
| 015 | _aSNBA2019/02 | ||
| 020 |
_a9788055163253 _q(viazané) |
||
| 035 | _aurn:nbn:sk:snk-am00dqrp | ||
| 035 | _aurn:nbn:sk:snk-am3i75h | ||
| 035 | _aF6671BB3-EAD0-4922-8AF4-9EFE2A0CF54D | ||
| 040 |
_aPPPK _bslo _cPPPK _dSNK _erda |
||
| 041 | 1 |
_aslo _heng |
|
| 044 |
_axo _cSK |
||
| 072 | 7 |
_a821.111-3 _xAnglická próza, anglicky písaná _2konspekt |
|
| 080 |
_a616.155.392 _22011 |
||
| 080 |
_a821.111(415)-31 _22011 |
||
| 100 | 1 |
_aMoriarty, Sinéad _4aut |
|
| 240 | 1 | 4 |
_aThe goog mother _lSlovensky |
| 245 | 1 | 0 |
_aDobrá matka _cSinéad Moriartyová ; preložila Lenka Böhmová |
| 246 | 1 |
_iObálkový podnázov: _aAk niekoho ľúbite, nenecháte ho odísť. Ale čo ak vás o to úpenlivo prosí? |
|
| 264 | 1 |
_aBratislava _bIkar _c2018 |
|
| 300 |
_a447 strán _c21 cm |
||
| 336 |
_atext _btxt _2rdacontent |
||
| 337 |
_abez média _bn _2rdamedia |
||
| 338 |
_azväzok _bnc _2rdacarrier |
||
| 500 | _aPreložené z angličtiny | ||
| 500 | _aObsahuje biografické údaje o autorke na prebale publikácie | ||
| 650 | 0 | 7 |
_aleukémia _2SNKPH |
| 650 | 0 | 7 |
_aLeukemia _2SNKPHeng |
| 655 | 7 |
_aírske romány (anglicky) _2SNKPH |
|
| 655 | 7 |
_aIrish fiction (English) _2SNKPHeng |
|
| 700 | 1 |
_aBöhmová, Lenka _4trl |
|
| 942 |
_2ddc _cKLDO _n0 |
||
| 999 |
_c22557 _d22557 |
||